Central Library OPAC University of Rajshahi

A modern introduction to basic mathematics / (Record no. 6314)

MARC details
000 -LEADER
fixed length control field 00831nam a22002651 4500
001 - CONTROL NUMBER
control field 6314
003 - CONTROL NUMBER IDENTIFIER
rucl marc code BD-RjUL
005 - DATE AND TIME OF LATEST TRANSACTION
control field 20211208234225.0
008 - FIXED-LENGTH DATA ELEMENTS--GENERAL INFORMATION
fixed length control field 140109m19651963maua 001 0 eng
035 ## - SYSTEM CONTROL NUMBER
System control number (BD-RjUL)6354
040 ## - CATALOGING SOURCE
Original cataloging agency DLC
Transcribing agency DLC
Modifying agency BD-RjUL
Language of cataloging eng
041 ## - LANGUAGE CODE
Language code of text/sound track or separate title eng
082 00 - DEWEY DECIMAL CLASSIFICATION NUMBER
Classification number 511
Author mark and year KEM 1965
100 1# - MAIN ENTRY--PERSONAL NAME
Personal name Keedy, Mervin Laverne.
9 (RLIN) 19878
245 12 - TITLE STATEMENT
Title A modern introduction to basic mathematics /
Statement of responsibility, etc. Mervin Laverne Keedy
260 ## - PUBLICATION, DISTRIBUTION, ETC. (IMPRINT)
Place of publication, distribution, etc. Reading, Mass. :
Name of publisher, distributor, etc. Addison-Wesley Pub. Co.,
Date of publication, distribution, etc. c1963 [1965].
300 ## - PHYSICAL DESCRIPTION
Pagination x, 326 p. :
Illustrations illus. ;
Size 21 cm.
490 0# - SERIES STATEMENT
Series statement Addison-Wesley series in science and mathematics education
504 ## - BIBLIOGRAPHY, ETC. NOTE
Bibliography, etc Includes index.
650 #0 - SUBJECT ADDED ENTRY--TOPICAL TERM
Topical term or geographic name as entry element Arithmetic
General subdivision Foundations.
9 (RLIN) 19643
Topical term or geographic name as entry element Mathematical analysis
General subdivision Foundations.
9 (RLIN) 19879
942 ## - ADDED ENTRY ELEMENTS (KOHA)
Source of classification or shelving scheme Dewey Decimal Classification
Koha item type Books
Holdings
Lost status Source of classification or shelving scheme Damaged status Not for loan Collection code Permanent Location Current Location Shelving location Date acquired Source of acquisition Cost, normal purchase price Total Checkouts Full call number Date last seen Date checked out Copy number Koha item type
  Dewey Decimal Classification     Non-fiction Central Library, University of Rajshahi Central Library, University of Rajshahi   25/10/2068 Book View, Dacca 24.00 2 511 KEM 1965 27/06/2019 30/04/2019 C-2 Books
  Dewey Decimal Classification   Not For Loan Non-fiction Central Library, University of Rajshahi Central Library, University of Rajshahi   13/11/1963 Zeithlinger. 57.00   511 KEM 1963 11/01/2014   C-1 Books